000 00476nam a2200145 4500
999 _c15935
_d15935
008 210119b ||||| |||| 00| 0 eng d
022 _a0732-8435
082 _aDPer 657.05 C33 Sept - Mar 2015, v. 85 - 86
100 _aAnders, Susan B.
_942727
245 _aAudit analytics/
_cSusan B. Anders.
260 _aNew York:
_bThe New York State Society of CPA,
_c©2015.
300 _av86 n2, pages 64-65:
_billustrations;
_c28 cm.
650 _aAuditing.
_942759
942 _2ddc
_cPER